Uttarakhand General Knowledge - Statistics

General Stats
  • This quiz has been taken 24 times
  • The average score is 11 of 15
Answer Stats
Question Answer % Correct
Main Religion Sanatan Dharma
100%
Capital City Dehradun
92%
Most Important River Ganges
92%
Most Spoken Language Hindi
92%
Ruling Party BJP
85%
Mountain Range Himalayas
85%
Country to the East Nepal
85%
East Division Kumaon
77%
Original name after statehood Uttaranchal
77%
Year of becoming a state 2000
69%
Renowned Shiva Temple Kedarnath
69%
Renowned Vishnu Temple Badrinath
62%
West Division Garwhal
62%
State Flower Brahma Kamal
23%
State Sport Football
23%
No matching quizzes found
Score Distribution
Percent of People with Each Score
Percentile by Number Answered
Your Score History
You have not taken this quiz